1879 1321 1637 1705 1592 1852 1046 1413 1663 1299 1925 1682 1024 1308 1012 1781 1279 1061 1088 1049 1692 1186 1007 1850 1241 1477 1573 1254 1130 1018 1540 1033 1902 1736 1861 1672 1686 1291 1458 1363 1290 1865 1998 1460 1682 1271 1278 1041 1399 1170 1562 1813 1700 1942 1245 1857 1143 1398 1841 1269 1336 1745 1845 1794 1563 1503 1806 1373 1420 1664 1618 1200 1242 1903 1456 1606 1712 1405 1137 1799 1162 1825 1619 1474 1512 1704 1659 1892 1502 1985 1966 1749 1941 1233 1352 1778 1335 1483 1801 BCNSPRNW ULIB Ver.6.0+V

เปลี่ยนเป็นภาษาไทย

Change to English
 แสดงรายละเอียดบรรณานุกรม
  กลับหน้าหลัก

Brief Record : Get Marc (ISO 2709) : E-mail record : QR code < ปิดหน้าต่าง
LEADER : 00000nam 2200000uu 4500
001    13399128811
003     ULIB
008    241008s2566||||th 000 0 tha d
020    ^a9786165720151
060  0 ^aWY164^bก388ผ
100 0  ^aกันตพร ยอดใชย
245 00 ^aผู้ป่วยโรคไตเรื้อรัง: การพยาบาลและการจัดการอาการ/^cกันตพร ยอดใชย
246 00 ^aPatients with chronic Kidney disease: nursing care and symptom management
250    ^aพิมพ์ครั้งที่ 4
260    ^aสงขลา:^bคณะพยาบาลศาสตร์ มหาวิทยาลัยสงขลานครินทร์,^c2566
501    ^aตำแหน่งหนังสือ > ชั้น 11B แถวที่ 3
650  0 ^aโรคไต- -การพยาบาล
650  0 ^aโรคไตเรื้อรัง
856    ^a^zสารบัญ^uhttps://drive.google.com/file/d/1V-mZ-s5SF3l2VTR2b_woq_bLHgmcAwjs/view?usp=share_link
945    ^p280^l0^i010955
999    ^aประนอม เกษจรัล
รายการนี้ยังไม่มีแท็ก
คุณยังไม่ได้ล็อกอิน คุณสามารถมีกิจกรรมร่วมกับเว็บไซต์ได้ แต่ต้องล็อกอินก่อน ::
  ล็อกอิน

รายการสื่อสารสนเทศ

ลำดับที่ ประเภท เลขเรียก/บาร์โค้ด สถานที่ สถานะ
1. Book การพยาบาล
หนังสือสำรอง
สถานะ=หนังสือสำรอง
WY164 ก388ผ ฉ.1 
  Barcode: 010955
ห้องสมุดวิทยาเขตสวรรค์ประชารักษ์
►หนังสือทั่วไป
บนชั้น

รายการใกล้เคียง
    ผู้แต่ง [กันตพร ยอดใชย]

    หัวเรื่อง [โรคไตเรื้อรัง]

BibComment


ยังไม่เคยถูกคอมเมนท์

คอมเมนท์ทรัพยากรรายการนี้
  คอมเมนท์: ผู้ป่วยโรคไตเรื้..


 Copyright 2026. Bcnsprnw @Library